The Merida Initiative: security-surveillance harmonization in Latin America /
Este artículo analiza la iniciativa Merida, cuyo objetivo es coordinar los sistemas de información utilizados contra el terrorismo, crimen organizado, tráfico de drogas y armas, entre los Estados Unidos, México y América Central. Esto implica la introducción de equipo de comunicación, bases de datos...
Zapisane w:
| 1. autor: | |
|---|---|
| Format: | Texto |
| Hasła przedmiotowe: | |
| Etykiety: |
Dodaj etykietę
Nie ma etykietki, Dołącz pierwszą etykiete!
|
MARC
| LEADER | 00000 a a2200000 04500 | ||
|---|---|---|---|
| 001 | 43818 | ||
| 003 | |||
| 040 | |||
| 100 | |a Arteaga B., Nelson | ||
| 245 | |a The Merida Initiative: |b security-surveillance harmonization in Latin America / |c Nelson Arteaga B. | ||
| 520 | |a Este artículo analiza la iniciativa Merida, cuyo objetivo es coordinar los sistemas de información utilizados contra el terrorismo, crimen organizado, tráfico de drogas y armas, entre los Estados Unidos, México y América Central. Esto implica la introducción de equipo de comunicación, bases de datos y tecnología de vigilancia, la cual no solo refuerza las políticas de seguridad del "hemisferio occidental", sino que también erosiona las débiles instituciones democráticas de México y América Central. | ||
| 590 | |a RRH/SETIEMBRE2013 | ||
| 650 | |a 1.POLITICA | ||
| 650 | |a 2.SEGURIDAD | ||
| 650 | |a 3.CRIMEN ORGANIZADO | ||
| 650 | |a 4.TRAFICO DE DROGAS | ||
| 650 | |a 5.DEMOCRACIA | ||
| 650 | |a 6.MARCO INSTITUCIONAL | ||
| 650 | |a 7.MEXICO | ||
| 650 | |a 8.ESTADOS UNIDOS | ||
| 650 | |a 9.AMERICA CENTRAL | ||
| 773 | |g número87 ( , 2009), páginas 103-110 | ||
| 999 | |c 35744 |d 35744 | ||
